000 00331nam a22001457a 4500
003 SGT
082 _a615.532
_bP16R
100 _aROBERTS, HERBERT A.
245 _aTHE PRINCIPLES & ART OF CURE BY HOMOEOPATHY
250 _a3RD
260 _aINDIA
_bB JAIN PUB
_c2016
300 _a325
650 _aHOMOEOPATHIC
942 _2ddc
_cBK
999 _c18630
_d18630